Loading...
| Fine Arts - Classical Music | 4 | 5.00 | 1,600% | 0% | 225% |
| Fine Arts - Other | 6 | 8.33 | 817% | 117% | 383% |
| Fine Arts - Painting & Sculpture | 3 | 13.33 | 3,900% | 300% | 300% |
| History - American | 5 | 8.00 | 1,620% | 360% | 140% |
| History - European | 6 | 6.67 | 1,417% | 100% | 150% |
| History - Other | 5 | 10.00 | 720% | 620% | 0% |
| History - World | 4 | 5.00 | 2,500% | 0% | 0% |
| Literature - American | 6 | 13.33 | 3,300% | 300% | 433% |
| Literature - British | 5 | 10.00 | 1,280% | 300% | 320% |
| Literature - European | 5 | 12.00 | 4,180% | 180% | 280% |
| Literature - World | 8 | 11.25 | 3,888% | 300% | 100% |
| Mythology | 2 | 5.00 | 0% | 450% | 0% |
| Other | 11 | 10.91 | 2,382% | 382% | 209% |
| Philosophy | 2 | 10.00 | 0% | 400% | 300% |
| Religion | 4 | 10.00 | 0% | 575% | 175% |
| Science - Biology | 6 | 13.33 | 1,350% | 383% | 600% |
| Science - Chemistry | 5 | 12.00 | 2,260% | 320% | 300% |
| Science - Other | 3 | 10.00 | 1,633% | 267% | 267% |
| Science - Physics | 5 | 10.00 | 1,700% | 160% | 300% |
| Social Science | 7 | 14.29 | 5,143% | 343% | 214% |